Catalog

Record Details

Catalog Search



The Dark Lord's guide to dating (and other war ... Read More

Hunt, Tiffany(author, Author, Author).

Available copies

  • 0 of 1 copy available at LARL/NWRL Consortium. (Show)
  • 0 of 1 copy available at Lake Agassiz Regional Library.

Current holds

0 current holds with 1 total copy.

Show Only Available Copies
Location Call Number / Copy Notes Barcode Shelving Location Status Due Date
Moorhead Public Library SF HUN (Text) 33500014357180 New Checked out 05/20/2026

Record details

  • ISBN: 9798347112944
  • ISBN: 9798347112937
  • Physical Description: 503 pages ; 24 cm.
  • Publisher: New York : Scarlett Press, 2026.

Content descriptions

Summary, etc.:
"Though they vow not to, a villain and his captive ... Read More
Subject: Man-woman relationships > Fiction.
Kidnapping > Fiction.
Forced marriage > Fiction.
Love-hate relationships > Fiction.
Villains > Fiction.
Genre: Romance fiction.
Fantasy fiction.
Novels.
LDR 02911cam a22006258i 4500
001484147
003LARL_NWRL_CONSORTIUM
00520260402211814.0
008251113s2026 nyu 000 1 eng
007t|
010 . ‡a 2025044366
040 . ‡aDLC ‡beng ‡erda ‡cDLC ‡dBDX ‡dIG# ‡dYDX ‡dOCLCO ‡dNZAUC ‡dOCLCO ‡dZPX ‡dIFK
019 . ‡a1543517213 ‡a1552094306
020 . ‡a9798347112944 ‡qhardcover
020 . ‡z9798347112951 ‡qebook
020 . ‡a9798347112937
035 . ‡a(OCoLC)1543507344 ‡z(OCoLC)1543517213 ‡z(OCoLC)1552094306
042 . ‡apcc
08200. ‡a813/.6 ‡223/eng/20251113
1001 . ‡aHunt, Tiffany ‡eauthor ‡4aut ‡4http://id.loc.gov/vocabulary/relators/aut ‡1http://id.loc.gov/rwo/agents/n2025516840.
24514. ‡aThe Dark Lord's guide to dating (and other war crimes) / ‡cTiffany Hunt.
264 1. ‡aNew York : ‡bScarlett Press, ‡c2026.
300 . ‡a503 pages ; ‡c24 cm.
334 . ‡asingle unit ‡bmono ‡0http://id.loc.gov/vocabulary/issuance/mono
336 . ‡atext ‡btxt ‡2rdacontent ‡0http://id.loc.gov/vocabulary/contentTypes/txt
337 . ‡aunmediated ‡bn ‡2rdamedia ‡0http://id.loc.gov/vocabulary/mediaTypes/n
338 . ‡avolume ‡bnc ‡2rdacarrier ‡0http://id.loc.gov/vocabulary/carriers/nc
4900 . ‡aGuides to villainy and love ; ‡v1
520 . ‡a"Though they vow not to, a villain and his captive bride end up falling for one another"-- Provided by publisher.
650 0. ‡aMan-woman relationships ‡vFiction. ‡0(LARL_NWRL_CONSORTIUM)165985
650 0. ‡aKidnapping ‡vFiction. ‡0(LARL_NWRL_CONSORTIUM)165838
650 0. ‡aForced marriage ‡vFiction.
650 0. ‡aLove-hate relationships ‡vFiction.
650 0. ‡aVillains ‡vFiction.
655 7. ‡aRomance fiction. ‡2lcgft
655 7. ‡aFantasy fiction. ‡2lcgft
655 7. ‡aNovels. ‡2lcgft
758 . ‡1http://id.loc.gov/resources/instances/in00024342706
758 . ‡4http://id.loc.gov/ontologies/bibframe/instanceOf ‡1http://id.loc.gov/resources/works/in00024342706
77608. ‡iOnline version ‡4http://id.loc.gov/entities/relationships/onlineversion ‡aHunt, Tiffany ‡tDark Lord's guide to dating (and other war crimes) ‡dNew York : Scarlett Press, 2026 ‡z9798347112951 ‡w(DLC) 2025044367
884 . ‡aDLC bibframe2marc v3.0-dev ‡g20251113 ‡qDLC ‡uhttps://github.com/lcnetdev/bibframe2marc/tree/v3.0-dev
901 . ‡a484147 ‡bAUTOGEN ‡c484147 ‡tbiblio

Additional Resources